Α' συνάντηση για την ελληνιστική κεραμική : πρακτικά, Ιωάννινα, 6 Δεκεμβρίου, 1986

Saved in:
Bibliographic Details
Corporate Author: Συνάντηση για την ελληνιστική κεραμεική Ιωάννινα
Format: Conference Proceeding Book
Language:Greek
English
French
German
Published: Αθήνα : Αρχαιολογικό Ινστιτούτο Δωδεκανήσου, 2000
Subjects:
Tags: Add Tag
No Tags, Be the first to tag this record!

MARC

LEADER 00000cam a2200000 i 4500
001 1/37994
008 030703s2000 f f gre d
020 |a 960-86637-0-9 
035 |l 10070359 
040 |a GR-MY-UA  |b gre  |e aacr 
041 0 |a gre  |a eng  |a fre  |a ger 
082 0 |a 738.0938 
111 2 |a Συνάντηση για την ελληνιστική κεραμεική  |n (1η :  |d 1986 :  |c Ιωάννινα) 
245 1 0 |a Α' συνάντηση για την ελληνιστική κεραμική :  |b πρακτικά, Ιωάννινα, 6 Δεκεμβρίου, 1986 
260 |a Αθήνα :   |b Αρχαιολογικό Ινστιτούτο Δωδεκανήσου,   |c 2000 
300 |a [ποικίλη αρίθμηση];  |b εικ.;  |c 28 εκ. 
650 0 0 |a Pottery, Hellenistic  |x Congresses. 
852 |a INST  |b RHODES  |e 20030703  |h 738.0938 ΣΥΝ  |p 005400020257  |q 005400020257  |t BK  |y 0 
852 |a INST  |b RHODES  |e 20030703  |h 738.0938 ΣΥΝ  |p 005400020258  |q 005400020258  |t BK  |y 0 
909 |a Ρ  |b 104876 
909 |a Ρ  |b 104875 
970 |a ΚΟΥΛΑΚΙΟΤΗ  |b ΛΙΤΣΑ  |z 2003/07/03